Guide to Protecting and Litigating Trade Secrets

Bibliographic Details
Main Author: Kim-Brunetti, Joanna H.
Other Authors: Riffer, Jeffrey K., Bombard, Gregory S., Friedman, Emily J.
Format: eBook
Language:English
Published: Chicago: American Bar Association, 2020
Edition:Segunda Edicin̤
Subjects:
Online Access:Acceso restringido

MARC

LEADER 00000nam a22000007a 4500
005 20210408234054.0
007 cr|||| ||||
008 210408s2020 us |||||s|||| 00||0 eng d
020 |a 978-1-64105-562-8 
035 |a 33099 
040 |a vLex 
090 |c 11419  |d 11419 
100 1 |a Kim-Brunetti, Joanna H. 
245 1 0 |a Guide to Protecting and Litigating Trade Secrets  |h [Recurso electrn̤ico] /  |c Joanna H. Kim-Brunetti, Jeffrey K. Riffer, Gregory S. Bombard, Emily J. Friedman 
250 |a Segunda Edicin̤ 
256 |a Servicio en ln̕ea 
260 |a Chicago:  |b American Bar Association,  |c 2020 
300 |a 1 recurso electrn̤ico 
506 1 |a Disponible solo en los productos indicados  |d vLex Global  |d vLex Global (Academic Edition, excluding Law Schools)  |d vLex Global (Academic Edition, Law Schools) 
650 0 4 |a Derecho Mercantil y de la Empresa  |z Estados Unidos 
700 1 |a Riffer, Jeffrey K. 
700 1 |a Bombard, Gregory S. 
700 1 |a Friedman, Emily J. 
740 0 |a vLex Libros (Servicio en ln̕ea) 
856 4 0 |u https://vlex.com/source/guide-protecting-litigating-trade-secrets-second-edition-33099  |z Acceso restringido 
942 |c BOOK 
999 0 |a Commercial and Company Law